| 000 | 00503nam a2200193Ia 4500 | ||
|---|---|---|---|
| 003 | OSt | ||
| 005 | 20240812165120.0 | ||
| 008 | 210210b1966 xxu||||| |||| 00| 0 eng d | ||
| 040 | _cAL | ||
| 041 | _akan | ||
| 082 | _aK894.2 SHIB | ||
| 100 |
_aSHIVANANDA (G V): ಶಿವಾನಂದ (ಜಿ ವಿ) _9176740 |
||
| 245 |
_aBhrame: _bಭ್ರಮೆ |
||
| 260 |
_aDhavanagere _bKodaganuru Prakashana _c1966 |
||
| 300 | _a24 | ||
| 690 |
_aKannada Drama _9176741 |
||
| 906 | _a027722 | ||
| 942 |
_2ddc _cBK |
||
| 999 |
_c79001 _d79001 |
||